[Laporan program latihan baru untuk Bengkel sistem pengurusan akauntabiliti dan integriti sektor awam (SPAI) yang diadakan di Institut Penilaian Negara, Bangi]

Bibliographic Details
Corporate Authors: Pakej Latihan - Bengkel sistem pengurusan akauntabiliti dan integriti sektor awam (SPAI), Institut Tadbiran Awam Negara, Jabatan Penilaian dan Perkhidmatan Harta
Format: Book
Subjects:

MARC

LEADER 00000cam a2200000 7i4500
001 0000018691
005 20070226.0
040 |a INS 
090 0 0 |a PAC13 
110 2 |a Pakej Latihan - Bengkel sistem pengurusan akauntabiliti dan integriti sektor awam (SPAI)   |c INSPEN, Bangi 
245 0 0 |a [Laporan program latihan baru untuk Bengkel sistem pengurusan akauntabiliti dan integriti sektor awam (SPAI) yang diadakan di Institut Penilaian Negara, Bangi] 
300 |a 1 jil. (mukasurat pelbagai) :   |b ill ;   |c 30 cm. 
500 |a Anjuran Jabatan Penilaian dan Perkhidmatan Harta INSPEN dan Institut Tadbiran Awam Negara INTAN 
500 |a Tidak diterbitkan 
650 0 0 |a Employees   |x Training of 
650 0 0 |a Integrity 
650 0 0 |a Responsibility 
710 1 |a Institut Tadbiran Awam Negara 
710 1 |a Jabatan Penilaian dan Perkhidmatan Harta 
999 |a PAC0000015   |b BOOK   |c Training Package   |e Default branch